<?xml version="1.0" encoding="UTF-8"?>
<marc:record xmlns:marc="http://www.loc.gov/MARC21/slim">
   <marc:leader>00000nam a2200000 a 4500</marc:leader>
   <marc:datafield ind1="1" ind2=" " tag="100">
      <marc:subfield code="a">Limoncini, Sandra</marc:subfield>
      <marc:subfield code="4">aut</marc:subfield>
      <marc:subfield code="e">Verfasser/-in</marc:subfield>
   </marc:datafield>
   <marc:datafield ind1=" " ind2=" " tag="653">
      <marc:subfield code="a">9</marc:subfield>
   </marc:datafield>
   <marc:datafield ind1=" " ind2=" " tag="653">
      <marc:subfield code="a">Romanhafte Biographien</marc:subfield>
   </marc:datafield>
   <marc:datafield ind1="0" ind2="0" tag="245">
      <marc:subfield code="a">Bambini sind Balsamico für die Seele</marc:subfield>
   </marc:datafield>
   <marc:datafield ind1="0" ind2="0" tag="245">
      <marc:subfield code="b">meine deutsch-italienische Familie</marc:subfield>
   </marc:datafield>
   <marc:datafield ind1="0" ind2="0" tag="245">
      <marc:subfield code="c">Sandra Limoncini</marc:subfield>
   </marc:datafield>
   <marc:datafield ind1=" " ind2="1" tag="264">
      <marc:subfield code="a">München</marc:subfield>
      <marc:subfield code="b">Piper</marc:subfield>
      <marc:subfield code="c">2013</marc:subfield>
   </marc:datafield>
   <marc:datafield ind1="1" ind2=" " tag="490">
      <marc:subfield code="a">Piper</marc:subfield>
      <marc:subfield code="v">30392</marc:subfield>
   </marc:datafield>
   <marc:datafield ind1=" " ind2=" " tag="250">
      <marc:subfield code="a">Ungekürzte Taschenbuchausg.</marc:subfield>
   </marc:datafield>
   <marc:datafield ind1="1" ind2=" " tag="520">
      <marc:subfield code="a">Angaben aus der Verlagsmeldung

Bambini sind Balsamico für die Seele : Meine deutsch-italienische Familie / von Sandra Limoncini

Urlaubende Eltern kennen das: Während der heulende Max unter Verweis auf die »Schlafroutine« ins Bett gesteckt wird, tummelt sich Klein-Massimo noch bis spätnachts auf der Piazza. Dabei könnte es doch so einfach sein, findet die süditalienische Rheinländerin Sandra Limoncini und beweist, dass italienische Lässigkeit und deutsche Erziehungsmaßstäbe sehr wohl zusammenpassen.
In Italien gibt es eine Art Gesetz, das lautet: »Meine Kinder sind besten!« Für Antonio, bekannt aus Maria, ihm schmeckt's nicht, gibt es daran nichts zu rütteln. Und für seine Tochter Sandra Limoncini auch nicht. Warum sollte man so vollkommene Geschöpfe also mit Golfkursen oder musikalischer Früherziehung quälen? So werden die Kleinen lieber beschmust als an der Geige festgebunden und bekommen auch nach neun Uhr abends noch ein Gelato ins Händchen gedrückt. Fröhliche Geschichten vom Kindererziehen all'Italiana - für mehr Remmidemmi in deutschen Familien!
</marc:subfield>
   </marc:datafield>
   <marc:datafield ind1=" " ind2=" " tag="020">
      <marc:subfield code="a">9783492303927</marc:subfield>
      <marc:subfield code="9">9783492303927</marc:subfield>
   </marc:datafield>
   <marc:datafield ind1=" " ind2=" " tag="020">
      <marc:subfield code="a">3492303927</marc:subfield>
      <marc:subfield code="9">3492303927</marc:subfield>
   </marc:datafield>
   <marc:datafield ind1=" " ind2=" " tag="041">
      <marc:subfield code="a">ger</marc:subfield>
   </marc:datafield>
   <marc:datafield ind1=" " ind2=" " tag="300">
      <marc:subfield code="a">239 S.</marc:subfield>
   </marc:datafield>
</marc:record>
